[Event "Woerishofen sen 2016"]
[Site "Bad Woerishofen"]
[Date "2016.03.04"]
[Round "8.64"]
[White "Koppenhoefer, Heinz"]
[Black "Schmid, Arnold"]
[Result "1/2-1/2"]
[WhiteElo "1672"]
[BlackElo "1578"]
[PlyCount "94"]
[EventDate "2016.02.26"]
[EventType "swiss"]
[EventCountry "GER"]
[WhiteTeam "Solln STSV"]
[BlackTeam "Oberbilker SV"]
[WhiteTeamCountry "GER"]
[BlackTeamCountry "GER"]

1. e4 c6 2. Nf3 d5 3. exd5 cxd5 4. d4 Nc6 5. c3 Qc7 6. Bd3 Bg4 7. Nbd2 Nf6 8.
Qc2 e6 9. h3 Bh5 10. g4 Bg6 11. Bxg6 hxg6 12. g5 Nd7 13. Nb3 Bd6 14. Bd2 O-O-O
15. O-O-O Kb8 16. Kb1 Rc8 17. Be3 Na5 18. Nxa5 Qxa5 19. Qb3 Rc6 20. Ne5 Nxe5
21. dxe5 Bc5 22. Bxc5 Qxc5 23. Rd4 Rb6 24. Qc2 Rc8 25. Ka1 Ra6 26. Rf4 d4 27.
Rxf7 Qxe5 28. cxd4 Rxc2 29. dxe5 Rac6 30. Kb1 R2c4 31. f4 Rc7 32. Rf8+ Rc8 33.
Rxc8+ Kxc8 34. Rd1 Kc7 35. b3 Rc3 36. Rd6 Rc6 37. Rd3 Rc5 38. Kb2 Rc6 39. Rd4
Rc5 40. b4 Rc6 41. Kb3 b5 42. a4 a6 43. axb5 axb5 44. Rd3 Rc1 45. Rc3+ Rxc3+
46. Kxc3 Kc6 47. Kd4 Kb6 1/2-1/2

[Event "Woerishofen sen 2016"]
[Site "Bad Woerishofen"]
[Date "2016.03.04"]
[Round "8.65"]
[White "Gepting, Konrad"]
[Black "Dittmann, Heinz"]
[Result "1-0"]
[WhiteElo "1620"]
[BlackElo "1565"]
[PlyCount "41"]
[EventDate "2016.02.26"]
[EventType "swiss"]
[EventCountry "GER"]
[WhiteTeam "Marktoberdorf SK"]
[BlackTeam "Nettetal SG"]
[WhiteTeamCountry "GER"]
[BlackTeamCountry "GER"]

1. e4 c5 2. b3 Nf6 3. Nc3 d6 4. h3 e6 5. Bb2 Be7 6. Nge2 O-O 7. Ng3 a6 8. Bd3
Nc6 9. f4 Nd4 10. Nce2 Nxe2 11. Qxe2 b6 12. c4 Bb7 13. Rd1 Qc7 14. O-O Rfe8 15.
e5 dxe5 16. fxe5 Nd7 17. Rde1 Bc8 18. Nh5 Bf8 19. Qf3 Nxe5 20. Bxe5 Qd7 21.
Nf6+ 1-0

[Event "Woerishofen sen 2016"]
[Site "Bad Woerishofen"]
[Date "2016.03.04"]
[Round "8.66"]
[White "Braeu, Emmi"]
[Black "Hartlaub, Marianne"]
[Result "0-1"]
[WhiteElo "1624"]
[BlackElo "1541"]
[PlyCount "86"]
[EventDate "2016.02.26"]
[EventType "swiss"]
[EventCountry "GER"]
[WhiteTeam "Marktoberdorf SK"]
[BlackTeam "Klingenberg SK"]
[WhiteTeamCountry "GER"]
[BlackTeamCountry "GER"]

1. Nf3 Nf6 2. d4 d6 3. c4 c6 4. g3 Bg4 5. Bg2 e5 6. Nc3 Qa5 7. O-O Bxf3 8. exf3
Be7 9. Re1 O-O 10. f4 Re8 11. Re2 Bf8 12. Be3 Qb4 13. Qa4 a5 14. Qxb4 axb4 15.
Ne4 exd4 16. Bxd4 Nxe4 17. Rxe4 Rxe4 18. Bxe4 Nd7 19. Bf5 Rd8 20. Re1 c5 21.
Be3 b6 22. b3 Nf6 23. Bc1 g6 24. Bc2 Bg7 25. Bb2 Kf8 26. Kf1 d5 27. cxd5 Rxd5
28. Bxf6 Bxf6 29. Rd1 Bd4 30. Ke2 Rd8 31. Kf3 f6 32. Re1 Kf7 33. g4 Ra8 34. Bb1
Rd8 35. h4 Bc3 36. Re2 Rd1 37. Bc2 Rc1 38. Bd3 Rh1 39. Bc4+ Kf8 40. Kg3 Rd1 41.
Re6 Rd2 42. Rxf6+ Bxf6 43. g5 Bd4 0-1

[Event "Woerishofen sen 2016"]
[Site "Bad Woerishofen"]
[Date "2016.03.05"]
[Round "9.1"]
[White "Frick, Christoph"]
[Black "Weinwurm, Wolfgang"]
[Result "1/2-1/2"]
[WhiteElo "2224"]
[BlackElo "2185"]
[PlyCount "29"]
[EventDate "2016.02.26"]
[EventType "swiss"]
[EventCountry "GER"]
[WhiteTeam "Bebenhausen SK"]
[BlackTeam "AUT"]
[WhiteTeamCountry "GER"]
[BlackTeamCountry "AUT"]

1. Nc3 g6 2. e4 d6 3. g3 Bg7 4. Bg2 c5 5. d3 Nf6 6. f4 O-O 7. Nf3 Nc6 8. O-O
Rb8 9. h3 b5 10. g4 b4 11. Ne2 Nd7 12. Qe1 e6 13. Kh1 a5 14. Rb1 Ra8 15. Neg1
1/2-1/2

[Event "Woerishofen sen 2016"]
[Site "Bad Woerishofen"]
[Date "2016.03.05"]
[Round "9.3"]
[White "Daeubler, Heinrich"]
[Black "Haubt, Georg"]
[Result "1-0"]
[WhiteElo "2159"]
[BlackElo "2125"]
[PlyCount "137"]
[EventDate "2016.02.26"]
[EventType "swiss"]
[EventCountry "GER"]
[WhiteTeam "Haselmuehl SC"]
[BlackTeam "Oberursel SV"]
[WhiteTeamCountry "GER"]
[BlackTeamCountry "GER"]

1. d4 d5 2. c4 Nc6 3. cxd5 Qxd5 4. e3 e5 5. Nc3 Bb4 6. Bd2 Bxc3 7. bxc3 exd4 8.
cxd4 Nf6 9. Qb3 Qxb3 10. axb3 Ne4 11. Bd3 Nxd2 12. Kxd2 Be6 13. Ne2 O-O-O 14.
Kc3 Kb8 15. b4 b6 16. b5 Ne7 17. e4 f5 18. f3 Rhf8 19. Rhf1 Bc8 20. d5 Rd6 21.
Bc4 Ng6 22. Nd4 Bd7 23. Rfe1 fxe4 24. fxe4 Ne5 25. Ra2 Rf4 26. Bd3 Rdf6 27.
Rea1 a5 28. bxa6 c5 29. dxc6 Nxc6 30. g3 Rf2 31. a7+ Ka8 32. e5 Rxa2 33. exf6
Rxa1 34. f7 Ra3+ 35. Kb2 Rxd3 36. f8=Q+ Kxa7 37. Nxc6+ Bxc6 38. Qxg7+ Rd7 39.
Qc3 Kb7 40. g4 Rf7 41. Qd4 Rd7 42. Qf4 b5 43. h4 Bd5 44. g5 Bc4 45. Kc3 Kc6 46.
Kb4 Bd3 47. Qf3+ Rd5 48. h5 Bf5 49. Qc3+ Kb7 50. g6 hxg6 51. hxg6 Be6 52. Qf6
Rd6 53. g7 Kc6 54. Qc3+ Kb7 55. Qf3+ Kc7 56. Kxb5 Rd5+ 57. Kb4 Rd4+ 58. Kc5
Rc4+ 59. Kb5 Kd7 60. Qe2 Rc8 61. Qd3+ Ke7 62. Qa3+ Kf7 63. Qa7+ Kg8 64. Qe7
Bc4+ 65. Kb4 Bf7 66. Kb5 Bc4+ 67. Kb6 Bf7 68. Kb7 Rc4 69. Qf8+ 1-0

[Event "Woerishofen sen 2016"]
[Site "Bad Woerishofen"]
[Date "2016.03.05"]
[Round "9.4"]
[White "Gerl, Hans"]
[Black "Gross, Werner"]
[Result "0-1"]
[WhiteElo "1951"]
[BlackElo "2201"]
[PlyCount "62"]
[EventDate "2016.02.26"]
[EventType "swiss"]
[EventCountry "GER"]
[WhiteTeam "Zirndorf SK"]
[BlackTeam "Niederkassel SG"]
[WhiteTeamCountry "GER"]
[BlackTeamCountry "GER"]

1. d4 Nf6 2. c4 e6 3. Nf3 b6 4. a3 Ba6 5. Qc2 Bb7 6. Nc3 d5 7. cxd5 exd5 8. Bg5
Be7 9. e3 Nbd7 10. Bd3 O-O 11. O-O h6 12. Bh4 c5 13. h3 Rc8 14. Qb1 Re8 15. Bg3
a6 16. Rd1 Bf8 17. Bh4 Qc7 18. Bf5 Ra8 19. Bxd7 Qxd7 20. Bxf6 gxf6 21. Ne2 Bd6
22. Nh4 Re4 23. Nf3 Kh8 24. Qd3 Rg8 25. Nc3 Qxh3 26. Ne1 c4 27. Qc2 Rh4 28. Kf1
Qg4 29. f3 Rh1+ 30. Kf2 Qg3+ 31. Ke2 Qxg2+ 0-1

[Event "Woerishofen sen 2016"]
[Site "Bad Woerishofen"]
[Date "2016.03.05"]
[Round "9.5"]
[White "Bhend, Edwin"]
[Black "Maes, Valery"]
[Result "1/2-1/2"]
[WhiteElo "2188"]
[BlackElo "2110"]
[PlyCount "53"]
[EventDate "2016.02.26"]
[EventType "swiss"]
[EventCountry "GER"]
[WhiteTeam "SUI"]
[BlackTeam "Krefelder SK Turm"]
[WhiteTeamCountry "SUI"]
[BlackTeamCountry "GER"]

1. Nf3 d5 2. e3 Nf6 3. b3 Bf5 4. Bb2 e6 5. Be2 h6 6. d3 Nbd7 7. Nbd2 Be7 8. O-O
O-O 9. Re1 Bh7 10. a3 c6 11. Bf1 Nc5 12. Ra2 Re8 13. Ba1 a5 14. Bc3 Bf8 15. Qa1
Qe7 16. g3 Qd8 17. Bg2 Ra6 18. a4 Ra8 19. Ne5 Nfd7 20. Nxd7 Nxd7 21. e4 Bb4 22.
Re2 Bxc3 23. Qxc3 Qb6 24. Ra1 Red8 25. Rae1 Qc5 26. Qb2 Bg6 27. Nf1 1/2-1/2

[Event "Woerishofen sen 2016"]
[Site "Bad Woerishofen"]
[Date "2016.03.05"]
[Round "9.6"]
[White "Lainburg, Viktor"]
[Black "Krieger, Hermann"]
[Result "1/2-1/2"]
[WhiteElo "2033"]
[BlackElo "2172"]
[PlyCount "23"]
[EventDate "2016.02.26"]
[EventType "swiss"]
[EventCountry "GER"]
[WhiteTeam "Ulm SC Weisse Dame"]
[BlackTeam "Ludwigshafen SK"]
[WhiteTeamCountry "GER"]
[BlackTeamCountry "GER"]

1. d4 f5 2. c4 g6 3. Nc3 Nf6 4. Nf3 Bg7 5. g3 O-O 6. Bg2 d6 7. O-O Nc6 8. Qc2
e5 9. dxe5 dxe5 10. Rd1 Qe8 11. a3 e4 12. Nd4 1/2-1/2

[Event "Woerishofen sen 2016"]
[Site "Bad Woerishofen"]
[Date "2016.03.05"]
[Round "9.7"]
[White "Neese, Hans Joachim"]
[Black "Heppell, Ian N"]
[Result "1/2-1/2"]
[WhiteElo "2159"]
[BlackElo "2077"]
[PlyCount "49"]
[EventDate "2016.02.26"]
[EventType "swiss"]
[EventCountry "GER"]
[WhiteTeam "Hennef SV"]
[BlackTeam "ENG"]
[WhiteTeamCountry "GER"]
[BlackTeamCountry "ENG"]

1. d4 d6 2. Nf3 Bg4 3. Nbd2 Nd7 4. h3 Bh5 5. g4 Bg6 6. Nh4 e6 7. Nxg6 hxg6 8.
Bg2 c6 9. c3 d5 10. e4 dxe4 11. Nxe4 Ngf6 12. Qc2 Nxe4 13. Qxe4 Nf6 14. Qc2 Bd6
15. Bg5 Qc7 16. O-O-O Bf4+ 17. Bxf4 Qxf4+ 18. Qd2 Qxd2+ 19. Rxd2 O-O-O 20. Re2
Nd5 21. Bxd5 Rxd5 22. f4 c5 23. dxc5 Rxc5 24. Re3 g5 25. Rf1 1/2-1/2

[Event "Woerishofen sen 2016"]
[Site "Bad Woerishofen"]
[Date "2016.03.05"]
[Round "9.8"]
[White "Klein, Klaus"]
[Black "Kelchner, Hans"]
[Result "0-1"]
[WhiteElo "1949"]
[BlackElo "2157"]
[PlyCount "140"]
[EventDate "2016.02.26"]
[EventType "swiss"]
[EventCountry "GER"]
[WhiteTeam "Heidelberg SF"]
[BlackTeam "Ludwigshafen SK"]
[WhiteTeamCountry "GER"]
[BlackTeamCountry "GER"]

1. e4 c6 2. d4 d5 3. Nc3 dxe4 4. Nxe4 Nf6 5. Nxf6+ gxf6 6. c3 Bf5 7. Bd3 Bg6 8.
Bxg6 hxg6 9. f4 e6 10. Nf3 Nd7 11. Be3 Nb6 12. O-O Bd6 13. Qe2 Nd5 14. g3 O-O
15. c4 Ne7 16. b3 Qa5 17. c5 Bb8 18. Bd2 Qd8 19. Bc3 Qd5 20. Nd2 Kg7 21. Qf3
Bc7 22. Qxd5 Nxd5 23. Bb2 Rad8 24. Nf3 Rd7 25. Rf2 a5 26. Rc2 Bd8 27. a3 Bc7
28. Re1 f5 29. Nd2 Ra8 30. Nc4 a4 31. b4 Bd8 32. Ne3 Bf6 33. Nxd5 Rxd5 34. Rd2
Rad8 35. Red1 g5 36. Kf2 Kg6 37. Bc3 Rh8 38. Kg2 Bg7 39. Rh1 Rhd8 40. Rhd1 f6
41. Kf3 e5 42. dxe5 Rxd2 43. Rxd2 Rxd2 44. Bxd2 fxe5 45. fxe5 Bxe5 46. Bc1 g4+
47. Ke3 Kf6 48. Kd3 Ba1 49. Kc4 Ke5 50. b5 Bd4 51. bxc6 bxc6 52. Kb4 Kd5 53.
Kxa4 Bxc5 54. Kb3 Bg1 55. a4 Bxh2 56. Bf4 Bg1 57. Kc3 Bd4+ 58. Kd3 c5 59. a5
c4+ 60. Kd2 Kc6 61. Ke2 Bc3 62. Ke3 Bxa5 63. Kd4 c3 64. Bc1 Bc7 65. Kxc3 Bxg3
66. Kd4 Kd6 67. Bg5 Ke6 68. Bh6 Bf2+ 69. Kd3 Ke5 70. Ke2 Bc5 0-1

[Event "Woerishofen sen 2016"]
[Site "Bad Woerishofen"]
[Date "2016.03.05"]
[Round "9.9"]
[White "Rahn, Oskar"]
[Black "Villing, Dieter"]
[Result "0-1"]
[WhiteElo "2091"]
[BlackElo "2055"]
[PlyCount "92"]
[EventDate "2016.02.26"]
[EventType "swiss"]
[EventCountry "GER"]
[WhiteTeam "Frankenthal SK"]
[BlackTeam "Ludwigshafen SK"]
[WhiteTeamCountry "GER"]
[BlackTeamCountry "GER"]

1. e4 c5 2. Nf3 e6 3. Nc3 Nc6 4. d4 cxd4 5. Nxd4 Nf6 6. Nxc6 bxc6 7. Bd3 e5 8.
O-O Be7 9. Qe2 O-O 10. Bg5 d6 11. h3 h6 12. Bd2 Nd7 13. Bc4 Nc5 14. Rad1 Ne6
15. Be3 Bg5 16. Bxg5 Qxg5 17. Bxe6 Bxe6 18. Qd2 Rfd8 19. Qxg5 hxg5 20. Rfe1 f6
21. b3 Kf7 22. Re3 d5 23. Red3 d4 24. Na4 Ke7 25. Nc5 Bf7 26. f3 Rab8 27. a4
Kd6 28. Rc3 Bd5 29. Rcd3 Kxc5 30. exd5 Rxd5 31. g4 a5 32. Kg2 Kd6 33. Kg3 Ke6
34. h4 gxh4+ 35. Kxh4 Rh8+ 36. Kg3 Rdd8 37. f4 c5 38. fxe5 fxe5 39. Re1 Rh7 40.
Rg1 Rdh8 41. Kf2 Rh2+ 42. Rg2 e4 43. Rdg3 g5 44. Ke2 Ke5 45. Kd2 Kf4 46. Ke2
R8h3 0-1

[Event "Woerishofen sen 2016"]
[Site "Bad Woerishofen"]
[Date "2016.03.05"]
[Round "9.10"]
[White "Zunker, Reinhard"]
[Black "Plischke, Berthold"]
[Result "0-1"]
[WhiteElo "2153"]
[BlackElo "1953"]
[PlyCount "70"]
[EventDate "2016.02.26"]
[EventType "swiss"]
[EventCountry "GER"]
[WhiteTeam "Hofheim SV"]
[BlackTeam "Wesel SV"]
[WhiteTeamCountry "GER"]
[BlackTeamCountry "GER"]

1. e4 e6 2. Nf3 d5 3. Nc3 Nf6 4. Qe2 Nxe4 5. Nxe4 dxe4 6. Qxe4 Qd5 7. Qh4 Be7
8. Qg3 O-O 9. Qxc7 Nc6 10. Qf4 e5 11. Qc4 Be6 12. Qxd5 Bxd5 13. a3 e4 14. Ng1
Nd4 15. Kd1 Rac8 16. c4 Bc6 17. b3 Nxb3 18. Rb1 Nc5 19. f3 Nd3 20. Bxd3 exd3
21. Ke1 Bc5 22. Kf1 Rce8 23. Bb2 Re6 24. Bc3 Rfe8 25. Nh3 Re2 26. Rd1 g5 27.
Bb4 Bd4 28. Bc3 Bb6 29. Bb4 g4 30. c5 gxh3 31. Rg1 hxg2+ 32. Rxg2+ Rxg2 33.
Kxg2 Re2+ 34. Kg3 Bc7+ 35. f4 Rg2+ 0-1

[Event "Woerishofen sen 2016"]
[Site "Bad Woerishofen"]
[Date "2016.03.05"]
[Round "9.11"]
[White "Vonach, Bernhard"]
[Black "Hohler, Peter"]
[Result "0-1"]
[WhiteElo "1999"]
[BlackElo "2138"]
[PlyCount "118"]
[EventDate "2016.02.26"]
[EventType "swiss"]
[EventCountry "GER"]
[WhiteTeam "Windach SF"]
[BlackTeam "SUI"]
[WhiteTeamCountry "GER"]
[BlackTeamCountry "SUI"]

1. e4 e5 2. Nf3 Nc6 3. Nc3 Nf6 4. g3 d5 5. exd5 Nxd5 6. Bg2 Nxc3 7. bxc3 Bd6 8.
O-O O-O 9. Re1 Bg4 10. Qe2 Qd7 11. Qb5 Rab8 12. d4 Rfe8 13. d5 Nd8 14. Qxd7
Bxd7 15. Be3 b6 16. a4 Nb7 17. Nd2 a5 18. Ne4 Bf8 19. c4 f5 20. Ng5 Nc5 21.
Bxc5 Bxc5 22. c3 e4 23. Kf1 Rbd8 24. Nh3 Rf8 25. f3 exf3 26. Bxf3 f4 27. g4 h5
28. Nf2 Bxf2 29. Kxf2 hxg4 30. Be4 Rf6 31. Bd3 Kf7 32. c5 bxc5 33. Bb5 Bxb5 34.
axb5 Rxd5 35. Ra2 Rh6 36. Kg1 f3 37. Rea1 Rd3 38. Kf2 Rxh2+ 39. Kg3 Rxa2 40.
Rxa2 Rxc3 41. Rxa5 Rc2 42. Kxg4 f2 43. Ra1 Ke6 44. Kf3 Kd5 45. Kg2 Kc4 46. Ra7
Kxb5 47. Rxc7 c4 48. Rxg7 c3 49. Rc7 Kb4 50. Kf1 Rd2 51. Rb7+ Ka3 52. Ra7+ Kb2
53. Rb7+ Kc1 54. Rc7 c2 55. Rc8 Kb2 56. Rb8+ Ka3 57. Ra8+ Kb4 58. Rb8+ Ka5 59.
Rc8 Rd1+ 0-1

[Event "Woerishofen sen 2016"]
[Site "Bad Woerishofen"]
[Date "2016.03.05"]
[Round "9.12"]
[White "Lang, Ferdinand"]
[Black "Hoeschele, Hans Ulrich"]
[Result "0-1"]
[WhiteElo "2097"]
[BlackElo "1979"]
[PlyCount "90"]
[EventDate "2016.02.26"]
[EventType "swiss"]
[EventCountry "GER"]
[WhiteTeam "Willsbach TSV"]
[BlackTeam "Stuttgarter SF"]
[WhiteTeamCountry "GER"]
[BlackTeamCountry "GER"]

1. e4 d5 2. exd5 Qxd5 3. Nc3 Qd8 4. Bc4 Nf6 5. d3 c6 6. Nf3 e6 7. O-O Be7 8.
Qe2 O-O 9. Re1 Bb4 10. Bd2 Nbd7 11. a3 Bd6 12. Rad1 Nb6 13. Bb3 Qc7 14. Ne4
Nxe4 15. dxe4 Nd7 16. e5 Be7 17. Bc4 Re8 18. Qe4 Nf8 19. Qg4 b5 20. Bd3 f5 21.
Qh5 Bb7 22. Nd4 g6 23. Qh6 a6 24. c4 c5 25. Nf3 Bxf3 26. gxf3 Qc6 27. Re3 Rad8
28. Rc1 Rd4 29. f4 Red8 30. cxb5 axb5 31. Qh3 c4 32. Ba5 Ra8 33. Be1 Rxf4 34.
Be2 Rc8 35. Bf3 Qc7 36. Bc3 Bc5 37. Re2 Qe7 38. Qg3 Rxf3 39. Qxf3 Qg5+ 40. Qg2
Qxc1+ 41. Re1 Qc2 42. Rf1 Qd3 43. Qb7 Qd7 44. Qf3 Rd8 45. Ba5 Qd5 0-1

[Event "Woerishofen sen 2016"]
[Site "Bad Woerishofen"]
[Date "2016.03.05"]
[Round "9.13"]
[White "Schmidt, Eugen"]
[Black "Klempt, Guenter"]
[Result "1/2-1/2"]
[WhiteElo "1969"]
[BlackElo "2039"]
[PlyCount "68"]
[EventDate "2016.02.26"]
[EventType "swiss"]
[EventCountry "GER"]
[WhiteTeam "Oos SF"]
[BlackTeam "Bochumer SV"]
[WhiteTeamCountry "GER"]
[BlackTeamCountry "GER"]

1. e4 c5 2. Nf3 Nc6 3. d4 cxd4 4. Nxd4 g6 5. Nc3 Bg7 6. Be3 Nf6 7. f3 O-O 8.
Qd2 d5 9. Nxc6 bxc6 10. e5 Nd7 11. f4 a5 12. h4 h5 13. Be2 Nb6 14. b3 Ba6 15.
g4 Bxe2 16. Qxe2 a4 17. gxh5 axb3 18. cxb3 d4 19. Rd1 Nd5 20. Nxd5 Qxd5 21. Rg1
Qb5 22. Qxb5 cxb5 23. Rxd4 Rxa2 24. hxg6 Ra1+ 25. Rd1 Ra2 26. gxf7+ Kh7 27. e6
Rc8 28. Rg5 Bf6 29. Rg4 b4 30. Bd4 Bxd4 31. Rxd4 Rcc2 32. f8=Q Re2+ 33. Kd1
Rad2+ 34. Rxd2 Rxd2+ 1/2-1/2

[Event "Woerishofen sen 2016"]
[Site "Bad Woerishofen"]
[Date "2016.03.05"]
[Round "9.14"]
[White "Roth, Heinz Georg"]
[Black "Spurga, Josef"]
[Result "0-1"]
[WhiteElo "1823"]
[BlackElo "2002"]
[PlyCount "64"]
[EventDate "2016.02.26"]
[EventType "swiss"]
[EventCountry "GER"]
[WhiteTeam "Lindau SC"]
[BlackTeam "Sindelfingen VfL"]
[WhiteTeamCountry "GER"]
[BlackTeamCountry "GER"]

1. e4 c5 2. c3 d5 3. exd5 Qxd5 4. d4 Nf6 5. Nf3 e6 6. Bb5+ Bd7 7. Bxd7+ Nbxd7
8. O-O Be7 9. Qe2 cxd4 10. cxd4 O-O 11. Nc3 Qh5 12. Bf4 a6 13. Rfd1 Nd5 14. Be5
N7f6 15. Ne4 Nxe4 16. Qxe4 Rac8 17. Rac1 Qh6 18. Rc2 Bb4 19. a3 Ba5 20. Ne1 b5
21. Rdc1 Rxc2 22. Qxc2 f6 23. Bd6 Rd8 24. Qc6 Kf7 25. b4 Bb6 26. Nf3 Rxd6 27.
Qb7+ Ne7 28. Re1 Qh5 29. Qb8 Qd5 30. Qh8 h6 31. Qh7 Qf5 32. Qh8 Rd8 0-1

[Event "Woerishofen sen 2016"]
[Site "Bad Woerishofen"]
[Date "2016.03.05"]
[Round "9.15"]
[White "Fitzke, Ulrich"]
[Black "Born, Bernd Ludger"]
[Result "0-1"]
[WhiteElo "1909"]
[BlackElo "2105"]
[PlyCount "126"]
[EventDate "2016.02.26"]
[EventType "swiss"]
[EventCountry "GER"]
[WhiteTeam "Berlin SV Bau Union"]
[BlackTeam "Pfullingen SF"]
[WhiteTeamCountry "GER"]
[BlackTeamCountry "GER"]

1. d4 Nf6 2. c4 e6 3. Nc3 Bb4 4. Bd2 b6 5. Nf3 Bb7 6. e3 O-O 7. Bd3 Be7 8. O-O
c5 9. Rc1 d5 10. Qe2 dxc4 11. Bxc4 Nbd7 12. Ba6 Qc8 13. Bxb7 Qxb7 14. Rfd1 Rac8
15. b3 cxd4 16. Nxd4 e5 17. Nf5 Ba3 18. Rc2 Rfd8 19. Bc1 Bf8 20. Bb2 Qb8 21.
Rcd2 Nc5 22. Nb5 Rxd2 23. Qxd2 Ncd7 24. h3 a6 25. Nbd6 Rc6 26. Nc4 b5 27. Na5
Re6 28. Rc1 g6 29. Ng3 Nc5 30. Qc2 Nd5 31. Ne4 Nb4 32. Qb1 Nxe4 33. Qxe4 Nxa2
34. Nc6 Qd6 35. Ra1 Qxc6 36. Qxc6 Rxc6 37. Rxa2 Rc2 38. Kf1 Bb4 39. Rxa6 Rxb2
40. Rb6 Rxb3 41. Rxb5 e4 42. g4 Rb2 43. Re5 Kg7 44. Rxe4 Ba5 45. Re5 Bd8 46. g5
h6 47. h4 hxg5 48. hxg5 Ra2 49. Rd5 Bb6 50. Rb5 Ba5 51. Rb8 Bc7 52. Rb7 Bd8 53.
Rb5 Ra5 54. Rxa5 Bxa5 55. f4 Kf8 56. Kf2 Ke7 57. Kf3 Ke6 58. e4 Bd2 59. Kg4 Bc1
60. Kf3 Kd6 61. Kg4 Kc5 62. f5 Kd4 63. fxg6 fxg6 0-1

[Event "Woerishofen sen 2016"]
[Site "Bad Woerishofen"]
[Date "2016.03.05"]
[Round "9.16"]
[White "Lange, Manfred"]
[Black "Gauer, Jacques"]
[Result "1-0"]
[WhiteElo "2098"]
[BlackElo "1940"]
[PlyCount "121"]
[EventDate "2016.02.26"]
[EventType "swiss"]
[EventCountry "GER"]
[WhiteTeam "Wuerzburg SV"]
[BlackTeam "FRA"]
[WhiteTeamCountry "GER"]
[BlackTeamCountry "FRA"]

1. e4 c5 2. Nf3 Nf6 3. Nc3 d5 4. exd5 Nxd5 5. Bc4 Nb6 6. Bb5+ Bd7 7. Qe2 Nc6 8.
O-O e6 9. d3 Be7 10. Bxc6 Bxc6 11. Ne5 Rc8 12. Re1 O-O 13. Bf4 Nd5 14. Bg3 Nxc3
15. bxc3 Qd5 16. Nxc6 Rxc6 17. c4 Qd7 18. Be5 Bd6 19. Bc3 f6 20. Qh5 e5 21. a4
Ra6 22. a5 Rc6 23. Re3 Qf7 24. Qh4 Bc7 25. Rb1 Bb8 26. Rh3 g6 27. Re1 Re6 28.
Qe4 Re7 29. f4 f5 30. Qe3 Bd6 31. fxe5 Rfe8 32. Qf4 Re6 33. Rhe3 Be7 34. h4 Bd8
35. g3 Ra6 36. Ra1 Qe6 37. Qf3 Rc6 38. Rb1 b6 39. axb6 Rxb6 40. Ra1 a6 41. Qd5
Rd6 42. Qb7 Rb6 43. Qf3 Be7 44. Kg2 Reb8 45. Kh2 Rb1 46. Rxb1 Rxb1 47. Qa8+ Kg7
48. Qd5 Kf7 49. Rf3 h5 50. Rf2 Bf8 51. d4 cxd4 52. Bxd4 Rd1 53. c3 Ra1 54. Rb2
Qxd5 55. cxd5 Ra5 56. Rb7+ Ke8 57. d6 Rd5 58. Kg2 Rb5 59. Ra7 a5 60. Ra8+ Kf7
61. d7 1-0

[Event "Woerishofen sen 2016"]
[Site "Bad Woerishofen"]
[Date "2016.03.05"]
[Round "9.17"]
[White "Erhart, Uwe"]
[Black "Abel, Hans Peter"]
[Result "1/2-1/2"]
[WhiteElo "2079"]
[BlackElo "1928"]
[PlyCount "34"]
[EventDate "2016.02.26"]
[EventType "swiss"]
[EventCountry "GER"]
[WhiteTeam "Raisdorfer SG"]
[BlackTeam "Leinfelden SC"]
[WhiteTeamCountry "GER"]
[BlackTeamCountry "GER"]

1. e4 c5 2. Nf3 Nc6 3. Bb5 g6 4. O-O Bg7 5. Re1 d6 6. Nc3 Bd7 7. d3 Nf6 8. Bg5
O-O 9. h3 a6 10. Bxc6 Bxc6 11. Qd2 Re8 12. Ne2 Qc7 13. c3 Nd7 14. Ng3 b5 15. d4
e6 16. Rad1 c4 17. Qe2 f6 1/2-1/2

[Event "Woerishofen sen 2016"]
[Site "Bad Woerishofen"]
[Date "2016.03.05"]
[Round "9.20"]
[White "Walther, Reinhard"]
[Black "Huhn, Ulrich"]
[Result "1-0"]
[WhiteElo "2039"]
[BlackElo "1873"]
[PlyCount "81"]
[EventDate "2016.02.26"]
[EventType "swiss"]
[EventCountry "GER"]
[WhiteTeam "Herzogenaurach SK"]
[BlackTeam "Siemensstadt SF"]
[WhiteTeamCountry "GER"]
[BlackTeamCountry "GER"]

1. d4 d5 2. c4 c6 3. Nc3 dxc4 4. e4 b5 5. a4 b4 6. Nb1 Nf6 7. e5 Nd5 8. Bxc4
Bf5 9. Nf3 e6 10. Nbd2 a5 11. O-O Be7 12. Re1 O-O 13. Nf1 Nd7 14. Ng3 Bg6 15.
Ne4 h6 16. Bd2 Qb6 17. Rc1 Rfc8 18. Nd6 Bxd6 19. exd6 Bh5 20. Re4 N7f6 21. Rh4
g5 22. Rxh5 Nxh5 23. Nxg5 Qxd4 24. Nh3 Ndf6 25. Qe2 Qe4 26. d7 Rd8 27. Bxh6
Qxe2 28. Bxe2 Ng7 29. Bg5 Nd5 30. Bxd8 Rxd8 31. Rxc6 Rxd7 32. Ra6 Rc7 33. Rxa5
Rc1+ 34. Bf1 Rb1 35. Ng5 Nf5 36. Ra7 Nh6 37. a5 Rxb2 38. a6 Ra2 39. Rb7 Ra5 40.
a7 b3 41. Rb8+ 1-0

[Event "Woerishofen sen 2016"]
[Site "Bad Woerishofen"]
[Date "2016.03.05"]
[Round "9.21"]
[White "Dietl, Robert"]
[Black "Harsch, Martin"]
[Result "1/2-1/2"]
[WhiteElo "1855"]
[BlackElo "2029"]
[PlyCount "43"]
[EventDate "2016.02.26"]
[EventType "swiss"]
[EventCountry "GER"]
[WhiteTeam "Koenigsbrunn SK"]
[BlackTeam "SUI"]
[WhiteTeamCountry "GER"]
[BlackTeamCountry "SUI"]

1. e4 c6 2. d4 d5 3. e5 Bf5 4. Nf3 e6 5. Be2 c5 6. O-O Nc6 7. c3 Qb6 8. dxc5
Bxc5 9. b4 Be7 10. Be3 Qc7 11. Na3 Nxe5 12. Nxe5 Qxe5 13. Bd4 Qb8 14. Bxg7 Bf6
15. Bxh8 Bxh8 16. Rc1 a6 17. Bd3 Ne7 18. Bxf5 Nxf5 19. Qh5 Qc7 20. Qxh7 O-O-O
21. Qh3 Be5 22. g3 1/2-1/2

[Event "Woerishofen sen 2016"]
[Site "Bad Woerishofen"]
[Date "2016.03.05"]
[Round "9.22"]
[White "Braeu, Ludwig"]
[Black "Waltenberger, Udo"]
[Result "1/2-1/2"]
[WhiteElo "1894"]
[BlackElo "2026"]
[PlyCount "72"]
[EventDate "2016.02.26"]
[EventType "swiss"]
[EventCountry "GER"]
[WhiteTeam "Marktoberdorf SK"]
[BlackTeam "Reichenbrand SV Eiche"]
[WhiteTeamCountry "GER"]
[BlackTeamCountry "GER"]

1. c4 c5 2. g3 Nc6 3. Bg2 g6 4. Nc3 Bg7 5. Rb1 e6 6. a3 a5 7. e3 Nge7 8. Nge2
O-O 9. O-O Rb8 10. Nb5 d5 11. d4 cxd4 12. Nexd4 Nxd4 13. exd4 Bd7 14. Bf4 Bxb5
15. cxb5 Rc8 16. Qd3 Qb6 17. Rfd1 Rc4 18. Be5 Rfc8 19. Bf1 Nf5 20. b3 Rc3 21.
Qd2 Rc2 22. Rbc1 Rxc1 23. Rxc1 Rxc1 24. Qxc1 Bxe5 25. dxe5 Qd8 26. h4 Ng7 27.
b6 h5 28. Qc7 Qa8 29. Bb5 Nf5 30. Bc6 Qa6 31. Bxb7 Qd3 32. Ba6 Qxa6 33. b7 Nxg3
34. b8=Q+ Kg7 35. fxg3 Qd3 36. Qcc8 Qd1+ 1/2-1/2

[Event "Woerishofen sen 2016"]
[Site "Bad Woerishofen"]
[Date "2016.03.05"]
[Round "9.24"]
[White "Stokes, Paul C"]
[Black "Krotofil, Kurt"]
[Result "0-1"]
[WhiteElo "1850"]
[BlackElo "1987"]
[PlyCount "80"]
[EventDate "2016.02.26"]
[EventType "swiss"]
[EventCountry "GER"]
[WhiteTeam "ENG"]
[BlackTeam "Niendorfer TSV"]
[WhiteTeamCountry "ENG"]
[BlackTeamCountry "GER"]

1. d4 Nf6 2. c4 c5 3. d5 b5 4. cxb5 a6 5. bxa6 Bxa6 6. Nc3 g6 7. g3 d6 8. Bg2
Bg7 9. Nf3 O-O 10. O-O Nbd7 11. Rb1 Qa5 12. Bd2 Rfb8 13. b3 Ng4 14. Qc2 Nge5
15. Rfe1 Rb7 16. Na4 Qc7 17. Bc3 Bb5 18. Ba1 Bxa4 19. bxa4 Rba7 20. Nxe5 Nxe5
21. f4 Ng4 22. Bxg7 Kxg7 23. Qc3+ f6 24. Bf3 Nh6 25. Rb5 Rxa4 26. Reb1 R8a7 27.
Rb8 Nf5 28. Re8 Rb7 29. Rb2 Kf7 30. Rh8 Nd4 31. Kf2 Kg7 32. Re8 Nxf3 33. Kxf3
Rxb2 34. Qxb2 Qa7 35. Rb8 Rxa2 36. Qb5 Ra3+ 37. Kg2 Qa6 38. Qe8 Qxe2+ 39. Kh3
Qh5+ 40. Kg2 Ra2+ 0-1